New and improved process for deproteinised natural rubber production (Record no. 63737)

MARC details
000 -LEADER
fixed length control field 00423nam a2200133Ia 4500
100 ## - MAIN ENTRY--AUTHOR NAME
Personal name Cheng K T
245 #0 - TITLE STATEMENT
Title New and improved process for deproteinised natural rubber production
260 ## - PUBLICATION, DISTRIBUTION, ETC. (IMPRINT)
Name of publisher Proceedings of the RRIM Rubber Growers Conference, Johore, 1987; p456-473
650 ## - SUBJECT ADDED ENTRY--TOPICAL TERM
Topical Term Deproteinised natural rubber
700 ## - ADDED ENTRY--PERSONAL NAME
Personal name Fong C S
700 ## - ADDED ENTRY--PERSONAL NAME
Personal name Lian L C
942 ## - ADDED ENTRY ELEMENTS (KOHA)
Koha item type Journals
Holdings
Withdrawn status Lost status Damaged status Not for loan Home library Current library Shelving location Date acquired Koha item type
      Journals RRII Library RRII Library Rubber chemistry 17/12/2021 Journals